000 00348nam a2200145Ia 4500
008 230605s2000 xx 000 0 und d
041 _aeng
100 _aD.K.
245 _aUltimatly Safely in the Hospitality Industry
260 _bDorling pub.
_c2000
300 _a640p
520 _aHard Board
520 _aReference Copy
650 _aDict.
999 _c420988
_d420988